Škola volá - ale koho, kam a prečo?

Prieskum realizovaný Ekonomickou univerzitou v Bratislave medzi návštevníkmi Informačného dňa, ktorý sa uskutočnil začiatkom februára tohto roka.

Guardado en:
Detalles Bibliográficos
Autor principal: Hudec, Marián
Formato: Capítulo de libro
Lenguaje:eslovaco
Materias:
Etiquetas: Agregar Etiqueta
Sin Etiquetas, Sea el primero en etiquetar este registro!

MARC

LEADER 00000naa a2200000 4500
001 0167147
005 20231011123316.4
041 0 |a slo 
044 |a SK 
245 1 0 |a Škola volá - ale koho, kam a prečo?  |c Marián Hudec 
520 |a Prieskum realizovaný Ekonomickou univerzitou v Bratislave medzi návštevníkmi Informačného dňa, ktorý sa uskutočnil začiatkom februára tohto roka. 
610 2 0 |a školy stredné 
610 2 0 |a školy vysoké 
610 2 0 |a programy študijné 
610 2 0 |a odbory študijné 
610 2 0 |a absolventi 
610 2 0 |a kvalita vzdelávania 
610 2 0 |a trh práce 
100 1 |a Hudec, Marián